| 000 | 00401nam a2200157Ia 4500 | ||
|---|---|---|---|
| 005 | 20250405110053.0 | ||
| 008 | 231217s9999 xx 000 0 und d | ||
| 020 | _a9788131411957 | ||
| 082 | _a658.8 GHO;1 R | ||
| 100 | _aGhose, Amitabha. | ||
| 245 | 0 | _aTechnology and marketing strategy | |
| 260 |
_c2007 _bIcfai _aHyderabad |
||
| 300 | _aIX, 261 | ||
| 650 | _amarketing,strategy | ||
| 942 | _cAA | ||
| 999 |
_c191701 _d191701 |
||